000 00528pam a2200193 a 4500
020 _a9781416030805
_c1595.00
041 _aeng
_hNULL
082 _a616.042
_bNUS/MCL
100 _aNUSSBAUM, R .
245 _aTHOMPSON AND THOMPSON GENETICS IN MEDICINE /
_cNULL.
_hTextual Documents
250 _a7 /
_b.
260 _aNULL :
_bSAUNDERS ,
_c2007.
300 _a585 :
_bXI ;
_cA4 .
365 _a1595.00
700 _aMCLHNES, R .
_aWILLARD, H .
930 _a3394
999 _c797928
_d797928
650 _aGEN.MEDICINE